|
|
|
|
| LEADER |
00000nam1a2200000 4500 |
| 001 |
595584 |
| 005 |
20231101131850.0 |
| 035 |
|
|
|a (RuTPU)RU\TPU\tpu\16908
|
| 090 |
|
|
|a 595584
|
| 100 |
|
|
|a 20091208d1992 m y0rusy50 ca
|
| 101 |
0 |
|
|a rus
|
| 102 |
|
|
|a RU
|
| 200 |
1 |
|
|a Das Wasser in der Litho- und Asthenosphaere. Wechselwirking und Geschichte
|f E.V. Pinneker , B. I. Pissarskii, S. L. Schwarzew
|
| 210 |
|
|
|a Berlin
|c Gebruder Borntrager
|d 1992
|
| 215 |
|
|
|a 264 c.
|
| 333 |
|
|
|a В фонде НТБ ТПУ отсутствует
|
| 610 |
1 |
|
|a труды учёных ТПУ
|
| 700 |
|
1 |
|a Pinneker
|b E.V.
|4 070
|
| 701 |
|
1 |
|a Pissarskii
|b B. I.
|4 070
|
| 701 |
|
1 |
|a Schwarzew
|b S. L.
|4 070
|
| 801 |
|
1 |
|a RU
|b 63413507
|c 20091208
|
| 942 |
|
|
|c BK
|